000 00303nam a2200109Ia 4500
008 220624s9999 xx 000 0 und d
020 _a1 86825 816 5
082 _a646,4072BER
100 _aBergh, Rene
_974722
245 0 _aMAAK JOU EIE PATRONE
942 _cBK
_w561
_xJohn Tresidder
_y296
_zPhillipina Naude
999 _c688923
_d688922